[Event "19eme open de Louviers"]
[Site "?"]
[Date "2016.11.12"]
[Round "5"]
[White "Yuan, Beline"]
[Black "Boursier, Xavier"]
[Result "0-1"]
[WhiteElo "1795"]
[BlackElo "1941"]
[PlyCount "46"]
[EventDate "2012.05.13"]
[SourceDate "2016.11.16"]

1. d4 e6 2. c4 f5 3. Nf3 Nf6 4. g3 c6 5. Bg2 d5 6. Qc2 Bd6 7. a3 O-O 8. O-O Ne4
9. e3 Nd7 10. b4 Qe8 11. c5 Bc7 12. Nc3 Qh5 13. b5 Ndf6 14. bxc6 bxc6 15. Na2
Ba6 16. Re1 Ng4 17. Qa4 Bb5 18. Qc2 Ngxf2 19. Nb4 a5 20. Na2 Bd3 21. Qa4 Nh3+
22. Bxh3 Qxh3 23. Qd1 Bxg3 0-1

[Event "19eme open de Louviers"]
[Site "?"]
[Date "2016.11.12"]
[Round "5"]
[White "Aupoix, Thibaud"]
[Black "Vigneron, Frederic"]
[Result "1/2-1/2"]
[WhiteElo "1567"]
[BlackElo "1811"]
[PlyCount "97"]
[EventDate "2012.05.13"]
[SourceDate "2016.11.16"]

1. e4 d6 2. Nf3 c6 3. d4 Nf6 4. Bd3 Bg4 5. c4 Nbd7 6. O-O e5 7. d5 Nc5 8. Re1
a5 9. Nc3 Be7 10. Be3 Nxd3 11. Qxd3 Bxf3 12. gxf3 Qd7 13. Kh1 Qh3 14. Qe2 Nh5
15. Rg1 O-O 16. Rg2 f5 17. exf5 Rxf5 18. Rag1 Raf8 19. Bh6 R8f7 20. Ne4 Qxf3
21. Qxf3 Rxf3 22. Ng5 Bxg5 23. Rxg5 Rh3 24. f4 Kh8 25. f5 Rf3 26. Rxh5 gxh6 27.
Rxh6 R3xf5 28. Rxd6 cxd5 29. cxd5 e4 30. Re6 Rf1 31. Rxe4 Rxg1+ 32. Kxg1 Rd7
33. Rd4 Kg7 34. Kf2 Kf6 35. Ke3 Ke5 36. Re4+ Kxd5 37. Rd4+ Kc6 38. Rxd7 Kxd7
39. Kf4 Ke6 40. Kg5 Kf7 41. Kh6 Kg8 42. a4 Kh8 43. h4 Kg8 44. h5 Kh8 45. Kg5
Kg7 46. h6+ Kf7 47. Kf5 Ke7 48. Ke5 Kf7 49. Kf5 1/2-1/2

[Event "19eme open de Louviers"]
[Site "?"]
[Date "2016.11.12"]
[Round "5"]
[White "Rascle, Adeline"]
[Black "Delaruelle, Christian"]
[Result "0-1"]
[WhiteElo "1564"]
[BlackElo "1816"]
[PlyCount "126"]
[EventDate "2012.05.13"]
[SourceDate "2016.11.16"]

1. d4 d5 2. Nf3 Nc6 3. c4 Bg4 4. e3 e5 5. dxe5 Nxe5 6. Qa4+ Bd7 7. Qd1 Nxf3+ 8.
Qxf3 Bb4+ 9. Bd2 Bxd2+ 10. Nxd2 Nf6 11. cxd5 O-O 12. h3 c6 13. Bc4 Qa5 14. d6
Rad8 15. Rd1 Be6 16. Bxe6 fxe6 17. O-O Qxa2 18. Ne4 Qxb2 19. Nxf6+ Qxf6 20.
Qxf6 Rxf6 21. f4 Kf8 22. e4 Ke8 23. e5 Rf7 24. g4 g6 25. Rd4 c5 26. Rc4 Rc8 27.
Rfc1 b6 28. Kf2 h5 29. Ke3 hxg4 30. hxg4 Rh7 31. Ke4 Rh4 32. Rg1 b5 33. Rc2 c4
34. Ra2 c3 35. Rxa7 Rc4+ 36. Kd3 c2 37. Re7+ Kd8 38. Rc1 Rxg4 39. Rxe6 Rgxf4
40. Re7 Rfd4+ 41. Ke2 b4 42. Rc7 b3 43. Ra1 Rxc7 44. dxc7+ Kxc7 45. Rc1 Re4+
46. Kd2 Rxe5 47. Kc3 Rb5 48. Kb2 Kb6 49. Re1 g5 50. Re4 Kc5 51. Rg4 Kd6 52. Rg1
Ke6 53. Rg4 Kf5 54. Rd4 g4 55. Rd8 g3 56. Rg8 Kf4 57. Rf8+ Kg4 58. Rg8+ Kf3 59.
Rf8+ Kg2 60. Rg8 Kf2 61. Rf8+ Kg1 62. Rg8 g2 63. Rh8 Rf5 0-1

[Event "19eme open de Louviers"]
[Site "?"]
[Date "2016.11.12"]
[Round "5"]
[White "Serano, Vincent"]
[Black "Roussel, Maxime"]
[Result "1-0"]
[WhiteElo "1708"]
[BlackElo "1551"]
[PlyCount "39"]
[EventDate "2012.05.13"]
[SourceDate "2016.11.16"]

1. d4 c5 2. c3 e6 3. Nf3 Nf6 4. Nbd2 d5 5. Qc2 b6 6. e4 dxe4 7. Nxe4 Bb7 8.
Bb5+ Nbd7 9. Nxf6+ gxf6 10. Be3 Bxf3 11. gxf3 a6 12. Bc6 Rc8 13. d5 exd5 14.
Bxd5 Qc7 15. O-O-O Ne5 16. Rhe1 Be7 17. Bh6 Rd8 18. Qe4 c4 19. Kb1 Nd3 20. Bc6+
1-0

[Event "19eme open de Louviers"]
[Site "?"]
[Date "2016.11.12"]
[Round "5"]
[White "Cassiau, Kevin"]
[Black "Guillaumat, Jean-Pierre"]
[Result "0-1"]
[WhiteElo "1543"]
[BlackElo "1754"]
[PlyCount "58"]
[EventDate "2012.05.13"]
[SourceDate "2016.11.16"]

1. e4 c5 2. c3 e6 3. d4 d5 4. e5 Nc6 5. Nf3 cxd4 6. cxd4 Bb4+ 7. Nc3 Nge7 8.
Bd3 O-O 9. Bxh7+ Kxh7 10. Ng5+ Kg6 11. Qg4 f5 12. exf6 Kxf6 13. Nh7+ Kf7 14.
Nxf8 Qxf8 15. O-O Bxc3 16. bxc3 Kg8 17. f4 e5 18. Qe2 exd4 19. Ba3 Qf6 20. Rae1
d3 21. Qe3 d2 22. Re2 d1=Q 23. Rxd1 Bg4 24. Bxe7 Nxe7 25. Qxe7 Qxe7 26. Rxe7
Bxd1 27. Rxb7 Be2 28. Kf2 Bc4 29. a3 a6 0-1

[Event "19eme open de Louviers"]
[Site "?"]
[Date "2016.11.12"]
[Round "5"]
[White "Coquelin, Jonathan"]
[Black "Lehericey, Fabrice"]
[Result "0-1"]
[WhiteElo "139"]
[BlackElo "1989"]
[PlyCount "76"]
[EventDate "2012.05.13"]
[SourceDate "2016.11.16"]

1. d4 Nf6 2. c4 g6 3. Nc3 Bg7 4. Nf3 d6 5. e4 Nbd7 6. Be2 O-O 7. O-O e5 8. Qc2
Ne8 9. Be3 f5 10. Ng5 Ndf6 11. dxe5 dxe5 12. Rad1 Qe7 13. exf5 gxf5 14. f4 e4
15. Nd5 Nxd5 16. Rxd5 b6 17. Rfd1 h6 18. Nh3 Be6 19. Qd2 Nd6 20. Rxd6 cxd6 21.
Qxd6 Bf6 22. c5 bxc5 23. Bxc5 Qxd6 24. Bxd6 Rf7 25. b3 Rd8 26. Bc5 Rxd1+ 27.
Bxd1 Rd7 28. Bh5 Bd4+ 29. Bxd4 Rxd4 30. Kf1 Rd2 31. Nf2 Rxa2 32. Ke1 Bxb3 33.
Be2 Kf7 34. h3 Ke6 35. g4 a5 36. Bd1 Ra1 37. Ke2 Bxd1+ 38. Nxd1 Rxd1 0-1

[Event "19eme open de Louviers"]
[Site "?"]
[Date "2016.11.12"]
[Round "5"]
[White "Josse, Sebastien"]
[Black "Grenet, Dominique"]
[Result "1-0"]
[WhiteElo "1824"]
[BlackElo "1403"]
[PlyCount "39"]
[EventDate "2012.05.13"]
[SourceDate "2016.11.16"]

1. e4 c5 2. Nf3 Nc6 3. d4 cxd4 4. Nxd4 Ne5 5. f4 Nc6 6. Nc3 e5 7. Nxc6 bxc6 8.
fxe5 Bb4 9. Qg4 g6 10. Qf3 d6 11. Bc4 Be6 12. Bxe6 fxe6 13. O-O Bc5+ 14. Kh1
Qe7 15. Bg5 Qg7 16. exd6 Kd7 17. Rad1 Rf8 18. Qxf8 Qxf8 19. Rxf8 h6 20. Rd8#
1-0

[Event "19eme open de Louviers"]
[Site "?"]
[Date "2016.11.12"]
[Round "5"]
[White "Troppee, Kevin"]
[Black "Arinal, Serge"]
[Result "0-1"]
[WhiteElo "1379"]
[BlackElo "1604"]
[PlyCount "80"]
[EventDate "2012.05.13"]
[SourceDate "2016.11.16"]

1. e4 e6 2. d4 d5 3. e5 c5 4. Nf3 Nc6 5. Nc3 cxd4 6. Nxd4 Nxe5 7. Bd3 Nxd3+ 8.
Qxd3 a6 9. Bf4 Nf6 10. O-O Be7 11. Bg5 Nd7 12. Bxe7 Qxe7 13. Rfe1 Nc5 14. Qf3
O-O 15. Nxd5 Qd6 16. Nf6+ gxf6 17. Qxf6 Qd8 18. Qxd8 Rxd8 19. Rad1 b5 20. Re5
Na4 21. Rg5+ Kh8 22. b3 Nc3 23. Rd3 Nd5 24. Nf3 Bb7 25. Ne5 Rf8 26. Rh3 Nf4 27.
Rhg3 Ne2+ 28. Kf1 Nxg3+ 29. Rxg3 Rad8 30. Ke2 f6 31. Nd3 Rd5 32. f4 Rg8 33.
Rxg8+ Kxg8 34. g4 Rd7 35. Nc5 Rc7 36. b4 Bc8 37. h3 Rc6 38. h4 e5 39. f5 h5 40.
gxh5 Bxf5 0-1

[Event "19eme open de Louviers"]
[Site "?"]
[Date "2016.11.12"]
[Round "5"]
[White "Kurjakovic, Omer"]
[Black "Lehericey, Romain"]
[Result "1-0"]
[WhiteElo "1573"]
[BlackElo "1112"]
[PlyCount "129"]
[EventDate "2012.05.13"]
[SourceDate "2016.11.16"]

1. Nf3 c5 2. c3 g6 3. d4 cxd4 4. cxd4 d5 5. h3 Bg7 6. Bf4 Nf6 7. a3 Nc6 8. e3
O-O 9. Bd3 Nd7 10. Nc3 e6 11. Be2 Re8 12. Bh2 e5 13. dxe5 Ndxe5 14. Nxe5 Nxe5
15. Nxd5 Nc6 16. Nc3 Qa5 17. Rc1 Bf5 18. O-O Rad8 19. Qe1 Ne5 20. Bxe5 Qxe5 21.
g4 Bd7 22. Bf3 b6 23. Qe2 h5 24. Kg2 Qg5 25. Ne4 Rxe4 26. Bxe4 hxg4 27. hxg4
Bxg4 28. f3 Bh5+ 29. Kh1 Qh4+ 30. Qh2 Qg5 31. Qf4 Qb5 32. Rf2 f5 33. Bc6 Qd3
34. Qc4+ Qxc4 35. Rxc4 Rd1+ 36. Kg2 g5 37. f4 gxf4 38. Rcxf4 Bg6 39. Ba4 Rd8
40. Bb3+ Kh7 41. Rh4+ Bh6 42. Kf1 Kg7 43. Rh3 Rf8 44. Rg3 f4 45. exf4 Bxf4 46.
Rgf3 Bd6 47. Rxf8 Bxf8 48. Rg2 Kf6 49. Rf2+ Ke7 50. Ke2 Bg7 51. Kd1 Kd6 52. Rg2
Bh5+ 53. Kc2 Bf8 54. Rg8 Be7 55. Ra8 a5 56. Bc4 Kc5 57. b3 Bg6+ 58. Kb2 Kc6 59.
Rg8 Be4 60. Re8 Kd7 61. Bb5+ Kd6 62. a4 Bf3 63. Rb8 Kc5 64. Rc8+ Kb4 65. Rc4#
1-0

[Event "19eme open de Louviers"]
[Site "?"]
[Date "2016.11.12"]
[Round "5"]
[White "Bat, Bilguun"]
[Black "Ponty, Matteo"]
[Result "1-0"]
[WhiteElo "1516"]
[BlackElo "1065"]
[PlyCount "55"]
[EventDate "2012.05.13"]
[SourceDate "2016.11.16"]

1. d4 e6 2. c4 d5 3. Nc3 Ne7 4. cxd5 exd5 5. f3 g6 6. e4 Bg7 7. Be3 Nbc6 8. Bb5
dxe4 9. fxe4 Bd7 10. Nf3 O-O 11. O-O a6 12. Bc4 Bg4 13. d5 Ne5 14. Be2 Bxf3 15.
Bxf3 c6 16. d6 Nc8 17. Bc5 b6 18. Ba3 Re8 19. Rc1 Nc4 20. d7 Re6 21. dxc8=Q
Rxc8 22. Qxd8+ Rxd8 23. Na4 b5 24. Nc5 Bd4+ 25. Kh1 Bxc5 26. Bxc5 Nxb2 27. Bb6
Rc8 28. Bg4 1-0

[Event "19eme open de Louviers"]
[Site "?"]
[Date "2016.11.12"]
[Round "5"]
[White "Blondel, Jean-Michel"]
[Black "Dunand, Damien"]
[Result "1/2-1/2"]
[WhiteElo "1396"]
[BlackElo "1684"]
[PlyCount "95"]
[EventDate "2012.05.13"]
[SourceDate "2016.11.16"]

1. e4 Nf6 2. Nc3 d5 3. exd5 Nxd5 4. Nxd5 Qxd5 5. d4 Nc6 6. c3 Bf5 7. Nf3 O-O-O
8. Be3 e5 9. Be2 exd4 10. Bxd4 Nxd4 11. Qxd4 Qxd4 12. Nxd4 Be4 13. O-O Bc5 14.
Bg4+ Kb8 15. Nb3 Bb6 16. Rfe1 f5 17. Be2 Rhe8 18. Bc4 Bc2 19. Rxe8 Rxe8 20. Kf1
Rd8 21. Ke1 a5 22. Rc1 Be4 23. f3 Bc6 24. Rd1 Re8+ 25. Kf1 Kc8 26. Nd4 Bxd4 27.
Rxd4 b5 28. Bd3 g6 29. a3 Rd8 30. Rxd8+ Kxd8 31. f4 Kd7 32. g3 Kd6 33. Kf2 Kc5
34. Ke3 a4 35. Be2 Bd5 36. Kd2 Bc4 37. Bf3 Bf1 38. Ke3 Kc4 39. Bd1 Bd3 40. Kd2
c6 41. Kc1 Bf1 42. Kd2 c5 43. Ke3 b4 44. cxb4 cxb4 45. Bxa4 bxa3 46. bxa3 Kc3
47. Be8 Bc4 48. a4 1/2-1/2

[Event "19eme open de Louviers"]
[Site "?"]
[Date "2016.11.12"]
[Round "5"]
[White "Roche, Jan-Francois"]
[Black "Maraine, Louis Ermiyas"]
[Result "0-1"]
[WhiteElo "1513"]
[BlackElo "1179"]
[PlyCount "64"]
[EventDate "2012.05.13"]
[SourceDate "2016.11.16"]

1. Nf3 c5 2. b3 d6 3. Bb2 Nf6 4. e3 g6 5. Be2 Bg7 6. O-O O-O 7. c4 Nc6 8. Nc3
Be6 9. Ng5 Qc7 10. Nxe6 fxe6 11. h4 Rab8 12. f4 Rfd8 13. h5 d5 14. hxg6 hxg6
15. Bg4 Kf7 16. Nb5 Qd7 17. Qc2 a6 18. cxd5 Qxd5 19. Nc3 Qd7 20. Bh3 Qxd2 21.
Qxd2 Rxd2 22. Rab1 b5 23. Nd1 Nb4 24. a3 Nd3 25. Bc3 Rc2 26. Ba5 Ne4 27. g4 Nd2
28. Bxd2 Rxd2 29. Nf2 Nxf2 30. Rxf2 Rxf2 31. Kxf2 Rd8 32. Rb2 Bxb2 0-1

[Event "19eme open de Louviers"]
[Site "?"]
[Date "2016.11.12"]
[Round "5"]
[White "Bailly, Yannick"]
[Black "Mergen, Bat"]
[Result "0-1"]
[WhiteElo "1418"]
[BlackElo "1785"]
[PlyCount "86"]
[EventDate "2012.05.13"]
[SourceDate "2016.11.16"]

1. Nf3 Nf6 2. d4 e6 3. c4 c5 4. Nc3 cxd4 5. Nxd4 Nc6 6. e4 d6 7. Be3 e5 8. Nxc6
bxc6 9. Bd3 Be7 10. O-O O-O 11. f3 Qc7 12. Qc2 Nd7 13. b4 Rd8 14. Rab1 Nb6 15.
Rfd1 Be6 16. Qe2 g6 17. Kh1 Nd7 18. Qf2 Kh8 19. a4 f5 20. Qc2 f4 21. Bf2 g5 22.
g4 fxg3 23. hxg3 Rf8 24. Kg2 Rf7 25. Rh1 Kg7 26. Be3 Rh8 27. g4 Nf8 28. Rh2 Ng6
29. Qd2 Nh4+ 30. Rxh4 gxh4 31. Bh6+ Kg6 32. Rh1 Qd8 33. Be3 Bg5 34. b5 h5 35.
Be2 hxg4 36. fxg4 h3+ 37. Rxh3 Rxh3 38. Kxh3 Bf4 39. Kg2 Qh4 40. Bxf4 Rxf4 41.
Qe3 Bxg4 42. Bxg4 Rxg4+ 43. Kf1 Qh1+ 0-1

[Event "19eme open de Louviers"]
[Site "?"]
[Date "2016.11.12"]
[Round "5"]
[White "Quevauvilliers, Philippe"]
[Black "Marie, Isabelle"]
[Result "1-0"]
[WhiteElo "1401"]
[BlackElo "1047"]
[PlyCount "65"]
[EventDate "2012.05.13"]
[SourceDate "2016.11.16"]

1. e4 e5 2. Nf3 Nc6 3. Bc4 d6 4. h3 Nf6 5. Nc3 Be6 6. d3 Bxc4 7. dxc4 a6 8. Bg5
Be7 9. O-O h6 10. Bxf6 gxf6 11. Nh4 Nd4 12. Ne2 c5 13. c3 Nxe2+ 14. Qxe2 Rb8
15. Nf5 Bf8 16. Rad1 Rc8 17. Rd2 Rc6 18. Rfd1 Rg8 19. Rd5 Rg5 20. R1d2 Rxf5 21.
exf5 Qc7 22. Qg4 Qe7 23. Re2 Kd7 24. f4 e4 25. Re3 Rb6 26. b3 Kc6 27. Qe2 Qc7
28. Rxe4 a5 29. Re8 Bg7 30. Re7 Qb8 31. Rxf7 Bh8 32. Qe7 a4 33. Qd7# 1-0

[Event "19eme open de Louviers"]
[Site "?"]
[Date "2016.11.12"]
[Round "5"]
[White "Bat, Anu"]
[Black "Soenen, Baptiste"]
[Result "1-0"]
[WhiteElo "1062"]
[BlackElo "1344"]
[PlyCount "45"]
[EventDate "2012.05.13"]
[SourceDate "2016.11.16"]

1. e4 e5 2. Nf3 Nf6 3. Nxe5 Nxe4 4. Qe2 Qe7 5. Qxe4 d6 6. Bb5+ c6 7. Bc4 dxe5
8. O-O Be6 9. Bxe6 Qxe6 10. f4 Bc5+ 11. Kh1 Qd5 12. Qf5 g6 13. Qc8+ Qd8 14.
Qxb7 Nd7 15. Qxc6 Rc8 16. Qa4 O-O 17. fxe5 Nxe5 18. Qe4 Re8 19. Qf4 Qd7 20. b3
Nd3 21. cxd3 Qxd3 22. Bb2 Bd6 23. Qxf7# 1-0

[Event "19eme open de Louviers"]
[Site "?"]
[Date "2016.11.12"]
[Round "5"]
[White "Gitton, Maxence"]
[Black "Marliere-Lepretre, Corentin"]
[Result "0-1"]
[WhiteElo "1009"]
[BlackElo "1095"]
[PlyCount "90"]
[EventDate "2012.05.13"]
[SourceDate "2016.11.16"]

1. d4 Nf6 2. g3 g6 3. Nf3 Bg7 4. Bg2 d6 5. O-O O-O 6. Nfd2 Nc6 7. Nc4 d5 8. Ne5
Nxe5 9. dxe5 Ng4 10. Bf4 Nxe5 11. Bxe5 Bxe5 12. c3 c6 13. e4 d4 14. cxd4 Qxd4
15. Qxd4 Bxd4 16. Nc3 Bg4 17. h3 Be6 18. Rfd1 Bg7 19. Re1 Rad8 20. Rac1 Rd2 21.
b3 b5 22. e5 b4 23. Ne4 Rxa2 24. Nc5 Bd5 25. Nd7 Rd8 26. Bxd5 cxd5 27. Nc5 Rc8
28. Nd7 Rxc1 29. Rxc1 Bh6 30. Rc8+ Kg7 31. h4 Rb2 32. g4 Bf4 33. Ra8 Rxb3 34.
Rxa7 Rb1+ 35. Kg2 b3 36. Kf3 Bd2 37. Ke2 Bc3 38. f4 b2 39. h5 Re1+ 40. Kf2 b1=Q
41. f5 Qc2+ 42. Kf3 Qe4+ 43. Kf2 Qe3+ 44. Kg2 Rg1+ 45. Kh2 Qg3# 0-1

[Event "19eme open de Louviers"]
[Site "?"]
[Date "2016.11.12"]
[Round "5"]
[White "Voegele, Francois-Marie"]
[Black "Lazes, Herve"]
[Result "0-1"]
[WhiteElo "1130"]
[BlackElo "1247"]
[PlyCount "40"]
[EventDate "2012.05.13"]
[SourceDate "2016.11.16"]

1. f4 d5 2. e3 Nf6 3. Nf3 Bf5 4. Be2 e6 5. O-O Bd6 6. d3 c5 7. Nc3 Nc6 8. Bd2
h6 9. Rc1 Qc7 10. Re1 O-O-O 11. Rf1 g5 12. fxg5 hxg5 13. h3 g4 14. Ng5 gxh3 15.
gxh3 Bxh3 16. Rxf6 Be7 17. Nxf7 Rdg8+ 18. Kh1 Bg2+ 19. Kg1 Rh1+ 20. Kf2 Qg3#
0-1

[Event "19eme open de Louviers"]
[Site "?"]
[Date "2016.11.13"]
[Round "6"]
[White "Garcia, Adrien"]
[Black "Joslin, Jerome"]
[Result "1/2-1/2"]
[WhiteElo "1976"]
[BlackElo "2100"]
[PlyCount "126"]
[EventDate "2012.05.13"]
[SourceDate "2016.11.17"]

1. Nc3 d5 2. e4 d4 3. Nb1 e5 4. Bc4 Nf6 5. d3 Nc6 6. a4 Na5 7. Ba2 Bd7 8. Nf3
Bd6 9. Bd2 c5 10. O-O O-O 11. Bxa5 Qxa5 12. Nbd2 Qc7 13. Bc4 a6 14. a5 Bb5 15.
c3 Nd7 16. Qb3 Bxc4 17. Nxc4 Rab8 18. Rfb1 Be7 19. Rc1 Bf6 20. Nb6 Nxb6 21.
axb6 Qd6 22. cxd4 exd4 23. Nd2 Rfc8 24. Nc4 Qe6 25. f4 Bd8 26. Rf1 Rc6 27. f5
Qh6 28. Ne5 Qf6 29. Nd7 Qd6 30. Nxb8 Qxb8 31. Qd5 Qd6 32. Rae1 Rxb6 33. Qxd6
Rxd6 34. e5 Rd7 35. e6 Rc7 36. Re5 Bf6 37. Rd5 fxe6 38. fxe6 Kf8 39. Rff5 b6
40. Rd6 c4 41. Rxd4 cxd3 42. Rxd3 Ke7 43. Rfd5 Bxb2 44. Rd7+ Rxd7 45. exd7 Kd8
46. Kf1 Be5 47. h3 b5 48. Ke2 b4 49. Kd2 a5 50. Rd5 Bc7 51. Rd4 b3 52. Kc1 Ke7
53. Kb1 Kd8 54. Rd3 a4 55. Kb2 Bf4 56. Ka3 Bc1+ 57. Kxa4 b2 58. Rb3 Kxd7 59.
Kb5 Ke6 60. Kc4 g5 61. Kd3 h5 62. Rb5 Kf6 63. Kc2 h4 1/2-1/2

[Event "19eme open de Louviers"]
[Site "?"]
[Date "2016.11.13"]
[Round "6"]
[White "Boursier, Xavier"]
[Black "Abdat, Rachid"]
[Result "0-1"]
[WhiteElo "1941"]
[BlackElo "1882"]
[PlyCount "116"]
[EventDate "2012.05.13"]
[SourceDate "2016.11.17"]

1. Nf3 Nf6 2. g3 b6 3. Bg2 Bb7 4. O-O d6 5. d3 e5 6. e4 Be7 7. Nbd2 Nbd7 8. Nc4
Nf8 9. Ne3 g6 10. c3 Ne6 11. Bh3 O-O 12. Ng2 Ne8 13. Bh6 N8g7 14. Nd2 Ng5 15.
Bxg5 Bxg5 16. f4 Be7 17. Nf3 exf4 18. Nxf4 Bc8 19. Bg2 c6 20. Qa4 b5 21. Qc2
Rb8 22. Rfe1 Qc7 23. Rac1 Bd7 24. Qf2 Ne6 25. Nxe6 Bxe6 26. b3 a5 27. Nd4 Bd7
28. Qf4 Qd8 29. Nf3 g5 30. Qd2 g4 31. Nd4 Bg5 32. Qf2 Bxc1 33. Rxc1 Qg5 34. Rf1
c5 35. Ne2 a4 36. Nf4 Bc6 37. d4 b4 38. h4 gxh3 39. Nxh3 Qg6 40. Nf4 Qg5 41.
Nh3 Qe7 42. d5 Bd7 43. c4 axb3 44. axb3 Bxh3 45. Bxh3 Qxe4 46. Bf5 Qd4 47. Qxd4
cxd4 48. Rf4 Rfe8 49. Rxd4 Re3 50. Rg4+ Kf8 51. Bxh7 Ke7 52. Re4+ Rxe4 53. Bxe4
Kf6 54. Kf2 Ke5 55. Ke3 f5 56. Bc2 Ra8 57. Bd1 Ra1 58. Bc2 Rc1 0-1

[Event "19eme open de Louviers"]
[Site "?"]
[Date "2016.11.13"]
[Round "6"]
[White "Vigneron, Frederic"]
[Black "Steffenello, Leonard"]
[Result "0-1"]
[WhiteElo "1811"]
[BlackElo "2152"]
[PlyCount "64"]
[EventDate "2012.05.13"]
[SourceDate "2016.11.17"]

1. d4 Nf6 2. c4 e6 3. Nf3 Bb4+ 4. Bd2 Qe7 5. a3 Bxd2+ 6. Qxd2 O-O 7. Nc3 d6 8.
g3 e5 9. dxe5 dxe5 10. Nd5 Nxd5 11. cxd5 e4 12. Nh4 Rd8 13. Rd1 Be6 14. Qc3 Qd6
15. Ng2 Bxd5 16. Ne3 c6 17. Bg2 Qe6 18. h4 Nd7 19. Bh3 Qe5 20. Nxd5 cxd5 21.
Qb4 Nb6 22. O-O Nc4 23. Qxb7 Qxb2 24. Qe7 Qxa3 25. Qg5 h6 26. Qf5 Qd6 27. Bg2
Qe5 28. Qg4 h5 29. Qh3 a5 30. g4 hxg4 31. Qxg4 a4 32. h5 a3 0-1

[Event "19eme open de Louviers"]
[Site "?"]
[Date "2016.11.13"]
[Round "6"]
[White "Andrieu, Philippe"]
[Black "Serano, Vincent"]
[Result "1-0"]
[WhiteElo "1859"]
[BlackElo "1708"]
[PlyCount "37"]
[EventDate "2012.05.13"]
[SourceDate "2016.11.17"]

1. d4 d5 2. e4 c6 3. e5 Bf5 4. Nf3 e6 5. Bd3 Bg6 6. O-O Nd7 7. Re1 Be7 8. c4
Nf8 9. cxd5 exd5 10. Nc3 Ne6 11. Ne2 Bxd3 12. Qxd3 h5 13. Nf4 Rh6 14. Nxe6 Rxe6
15. Be3 Kd7 16. b4 Nh6 17. b5 Nf5 18. bxc6+ bxc6 19. Qxf5 1-0

[Event "19eme open de Louviers"]
[Site "?"]
[Date "2016.11.13"]
[Round "6"]
[White "Delaruelle, Christian"]
[Black "Aupoix, Thibaud"]
[Result "0-1"]
[WhiteElo "1816"]
[BlackElo "1567"]
[PlyCount "110"]
[EventDate "2012.05.13"]
[SourceDate "2016.11.17"]

1. e4 c5 2. Nf3 d6 3. c3 Nc6 4. d4 cxd4 5. cxd4 Bg4 6. Bc4 Nf6 7. Nc3 Bxf3 8.
gxf3 g6 9. Qb3 e6 10. Bg5 Be7 11. Bh6 Nxd4 12. Qa4+ Nd7 13. O-O-O Bg5+ 14. Bxg5
Qxg5+ 15. Kb1 Qc5 16. Bb5 Nxb5 17. Nxb5 O-O 18. Nxd6 Nb6 19. Qd4 Qxd4 20. Rxd4
e5 21. Rd3 Rfd8 22. Rhd1 Rd7 23. Nb5 Rxd3 24. Rxd3 a6 25. Nc7 Rc8 26. Nd5 Nxd5
27. exd5 Kf8 28. b4 Ke7 29. Kb2 Kd6 30. Kb3 b5 31. Rd2 Rc4 32. a4 Rd4 33. Rc2
Rxd5 34. axb5 axb5 35. Kc3 Rd4 36. Re2 f5 37. Ra2 Rf4 38. Rd2+ Ke6 39. Rd3 e4
40. fxe4 fxe4 41. Rh3 Rf3+ 42. Rxf3 exf3 43. Kd4 Kd6 44. Ke4 h6 45. h4 g5 46.
h5 g4 47. Kf4 Kd5 48. Kxg4 Kc4 49. Kxf3 Kxb4 50. Ke3 Kc3 51. f4 b4 52. f5 b3
53. f6 b2 54. f7 b1=Q 55. f8=Q Qe1+ 0-1

[Event "19eme open de Louviers"]
[Site "?"]
[Date "2016.11.13"]
[Round "6"]
[White "Bailly, Thierry"]
[Black "Yuan, Beline"]
[Result "1/2-1/2"]
[WhiteElo "1658"]
[BlackElo "1795"]
[PlyCount "47"]
[EventDate "2012.05.13"]
[SourceDate "2016.11.17"]

1. e4 e6 2. d4 d5 3. exd5 exd5 4. Nf3 Bd6 5. Be3 Ne7 6. Bd3 f6 7. Nbd2 Be6 8.
Qe2 Qd7 9. Rc1 Nbc6 10. a3 g5 11. h3 h6 12. c4 dxc4 13. Nxc4 Kf7 14. Rd1 Rae8
15. Kd2 Nd5 16. Kc1 Bf4 17. Kb1 b5 18. Ncd2 Bf5 19. Nf1 b4 20. Bxf5 Qxf5+ 21.
Qd3 Qd7 22. Bxf4 Nxf4 23. Qc4+ Kg7 24. Rc1 1/2-1/2

[Event "19eme open de Louviers"]
[Site "?"]
[Date "2016.11.13"]
[Round "6"]
[White "Arinal, Serge"]
[Black "Lehericey, Fabrice"]
[Result "0-1"]
[WhiteElo "1604"]
[BlackElo "1898"]
[PlyCount "63"]
[EventDate "2012.05.13"]
[SourceDate "2016.11.17"]

1. Nf3 c5 2. c4 g6 3. g3 Bg7 4. Bg2 Nc6 5. Nc3 e6 6. O-O Nge7 7. d3 d6 8. Bd2
O-O 9. Qc1 Nf5 10. Ng5 a6 11. Nge4 Nfd4 12. Bh6 f5 13. Bxg7 Kxg7 14. Ng5 h6 15.
Nf3 Rb8 16. Nxd4 cxd4 17. Nb1 Bd7 18. b3 Rc8 19. Na3 Qe7 20. Nc2 e5 21. Qb2 f4
22. e3 f3 23. Bh1 Bh3 24. Rfe1 Qf6 25. exd4 exd4 26. Re4 Bf5 27. Rf4 g5 28.
Rxf3 Ne5 29. Qxd4 Nxf3+ 30. Bxf3 Rf7 31. Bd5 Re7 32. Re1 0-1

[Event "19eme open de Louviers"]
[Site "?"]
[Date "2016.11.13"]
[Round "6"]
[White "Bat, Bilguun"]
[Black "Josse, Sebastien"]
[Result "1-0"]
[WhiteElo "1516"]
[BlackElo "1824"]
[PlyCount "155"]
[EventDate "2012.05.13"]
[SourceDate "2016.11.17"]

1. d4 Nf6 2. c4 g6 3. Nc3 Bg7 4. e4 d6 5. Bd3 O-O 6. Nge2 Nc6 7. O-O e5 8. d5
Ne7 9. f3 a5 10. a3 Ne8 11. Bg5 h6 12. Bh4 g5 13. Bf2 b6 14. Ng3 Ng6 15. Nf5
Nf4 16. Bc2 Bd7 17. g3 Nh3+ 18. Kg2 Nxf2 19. Rxf2 Nf6 20. g4 Bxf5 21. exf5 h5
22. h3 h4 23. Qd2 Nd7 24. Ne4 Bf6 25. Ba4 Nc5 26. Bc6 Rb8 27. b4 Nb3 28. Qb2
Nxa1 29. Qxa1 Kg7 30. Qc3 Be7 31. b5 a4 32. Qb4 Ra8 33. Nc3 Ra5 34. Ne4 Kh6 35.
Re2 Rg8 36. Nf2 Bf6 37. Re4 Kh7 38. Nd3 Qb8 39. Qc3 Qd8 40. Nb4 Be7 41. Bb7 Qb8
42. Ba6 Qa8 43. Nc6 Rxa6 44. bxa6 Bf6 45. a7 Qb7 46. Qb4 Qa6 47. Qb5 Qxb5 48.
cxb5 Ra8 49. Rxa4 Kg7 50. Rb4 e4 51. Rxe4 Be5 52. Nxe5 dxe5 53. Ra4 Kf8 54. Kf2
Ke7 55. Ra6 Kd6 56. Ke3 Kxd5 57. Kd3 Kc5 58. a4 f6 59. Ke3 Kc4 60. Ke4 Kc5 61.
Kd3 Kb4 62. Kc2 Kc4 63. Kb2 Kb4 64. Ka2 Kc4 65. Ka3 Kd3 66. Kb4 Kd4 67. a5 Ke3
68. axb6 cxb6 69. Rxb6 Kxf3 70. Ra6 Kg3 71. b6 Kxh3 72. b7 Rxa7 73. Rxa7 Kxg4
74. b8=Q Kxf5 75. Qc8+ Kf4 76. Qh3 e4 77. Rf7 g4 78. Rxf6+ 1-0

[Event "19eme open de Louviers"]
[Site "?"]
[Date "2016.11.13"]
[Round "6"]
[White "Guillaumat, Jean-Pierre"]
[Black "Kurjakovic, Omer"]
[Result "1-0"]
[WhiteElo "1754"]
[BlackElo "1573"]
[PlyCount "75"]
[EventDate "2012.05.13"]
[SourceDate "2016.11.17"]

1. d4 d5 2. Nf3 Bf5 3. c4 e6 4. Nc3 c6 5. e3 h6 6. Bd3 Bxd3 7. Qxd3 Nf6 8. O-O
Be7 9. e4 dxe4 10. Nxe4 Nbd7 11. Bf4 Nxe4 12. Qxe4 O-O 13. Rfd1 Nf6 14. Qe2 Bd6
15. Be5 Ne8 16. Rd3 Qc7 17. Rad1 Rd8 18. Qe4 Qe7 19. a3 Bxe5 20. dxe5 Nc7 21.
b4 Na6 22. h4 Nb8 23. Rd6 b6 24. c5 Qc7 25. Qd3 Rc8 26. Qc4 Rfd8 27. R1d4 Rd7
28. Qd3 Rcd8 29. h5 Rxd6 30. exd6 Qb7 31. Ne5 Nd7 32. Nxd7 Qxd7 33. Qe3 f6 34.
Rg4 Kh8 35. f4 e5 36. Rg6 Re8 37. fxe5 Rxe5 38. Qf3 {Suite incompréhensible}
1-0

[Event "19eme open de Louviers"]
[Site "?"]
[Date "2016.11.13"]
[Round "6"]
[White "Mergen, Bat"]
[Black "Blondel, Jean-Michel"]
[Result "1-0"]
[WhiteElo "1785"]
[BlackElo "1396"]
[PlyCount "69"]
[EventDate "2012.05.13"]
[SourceDate "2016.11.17"]

1. d4 d5 2. c4 c6 3. Nc3 dxc4 4. a4 b6 5. e4 Ba6 6. Nf3 Nf6 7. b3 cxb3 8. Bxa6
Nxa6 9. Qxb3 e6 10. Bg5 Be7 11. Qc4 Nb8 12. O-O O-O 13. Rfd1 Qc7 14. g3 h6 15.
Bf4 Qc8 16. Rac1 Nbd7 17. Qe2 Bb4 18. Nb5 Qa6 19. Rxc6 Qxa4 20. Rdc1 a6 21. Nc7
Rac8 22. Ne5 Nxe5 23. Bxe5 Nd7 24. Bf4 Nc5 25. Rxb6 Nb3 26. Rd1 a5 27. Rb7 Qc6
28. Ra7 Nxd4 29. Rxd4 Bc5 30. Rc4 Qb6 31. Ra6 Qb1+ 32. Rc1 Qb4 33. Rc6 Bb6 34.
Na6 Rxc6 35. Nxb4 1-0